000 00360nam a2200121Ia 4500
005 20251222152638.0
008 251222s9999||||xx |||||||||||||| ||spa||
082 _a636/U61/Ej.2
100 _aBaras Valle, Never y Condor Quispe, Pedro
245 0 _aGuía Metodológica para Facilitadores de Escuelas de Campo en Ganado Vacuno
264 _bCesal
942 _cLIB
999 _c28000
_d28000